El Divorcio y las nuevas dimensiones de la paternidad y desafíos? /

Gardado en:
Detalles Bibliográficos
Autor Principal: Vega Robles, Isabel
Autor Corporativo: Universidad de Costa Rica. IIP
Outros autores: comp
Formato: Desconocido
Publicado: San José: SIEDIN
Materias:
Etiquetas: Engadir etiqueta
Sen Etiquetas, Sexa o primeiro en etiquetar este rexistro!

MARC

LEADER 00000 a2200000 04500
001 30185
003
008 991231s d
040
020 |a 9968-9471-0-5  
022 |a 9968-9471-0-5  
090 |a 194504  
100 |a Vega Robles, Isabel  
110 |a Universidad de Costa Rica. IIP  
245 |a El Divorcio y las nuevas dimensiones de la paternidad y desafíos? /  |c Isabel Vega Robles 
260 |a San José:   |b SIEDIN  
300 |a 149 p.  
650 |a DIVORCIO  
650 |a PATERNIDAD  
650 |a ROL MASCULINO  
650 |a CAMBIO SOCIAL  
650 |a CAMBIO CULTURAL  
700 |a comp  
999 |c 11121  |d 11121